| 000 | 01066nac a22003137a 4500 | ||
|---|---|---|---|
| 001 | BR7200896 | ||
| 003 | BR-BrBNA | ||
| 005 | 20240105113451.0 | ||
| 008 | 230509b bl.|||m| |||| 00| 0 por d | ||
| 040 |
_aBR-BrBNA _bpor _cBiblioteca Nacional de Agricultura |
||
| 072 | _aF00; E15 | ||
| 090 | _a0150 BR7200896 | ||
| 100 | 1 | _aMaia, J.R. da S. | |
| 100 | 1 | _aPereira, N.S. de C. | |
| 100 | 1 | _aMonteiro, J.R.A. | |
| 110 | 1 |
_aSecretaria da Agricultura do Maranhao, Sao Luis (Brasil). Depto. de Pesquisas e Experimentacao _98260 |
|
| 245 | 1 | _aA cultura do arroz no Estado do Maranhao [Brasil] | |
| 260 | 3 |
_aSao Luis, MA (Brasil): _c1972. |
|
| 300 | _a54 p. | ||
| 490 |
_aBoletim Tecnico - Serie Culturas Alimentares - Secretaria da Agricultura do Maranhao. Depto. de Pesquisas e Experimentacao (Brazil) _vno. 2 _x |
||
| 500 | _aNumerical data | ||
| 650 | _aARROZ | ||
| 650 | _aESTATISTICA DE PRODUCAO | ||
| 650 | _aRENDIMENTO | ||
| 650 | _aVARIEDADE | ||
| 650 | _aMARANHAO | ||
| 909 |
_a202312 _bLúcia Elande _c55 _dLúcia Elande |
||
| 942 |
_2AGRIS _n0 _cMS |
||
| 999 |
_c263887 _d263887 |
||